| 000 | 00330nam a22001337a 4500 | ||
|---|---|---|---|
| 020 | _a978-93-8031-72 | ||
| 082 | _a620.11 | ||
| 100 | _aAshby, Michael F. | ||
| 245 | _aMaterials selection in Mechanical Design | ||
| 260 |
_aNew Delhi : _bElesevier _c2015. |
||
| 300 |
_a646 p. ; _b24 cm. |
||
| 500 | _aPaperback. | ||
| 942 | _cBK | ||
| 999 |
_c33742 _d33742 |
||